Ленинцы

Библиографические подробности
Другие авторы: Свалов А. Н. Александр Николаевич (составитель)
Примечания:60-летию присвоения комсомолу имени Ленина посвящается
Язык:русский
Опубликовано: Москва, Молодая гвардия, 1984
Серии:Отечество. Старое. Новое. Вечное
Предметы:
Формат: Книга
Запись в KOHA:https://koha.lib.tpu.ru/cgi-bin/koha/opac-detail.pl?biblionumber=293587

MARC

LEADER 00000nam0a2200000 4500
001 293587
005 20231102000616.0
035 |a (RuTPU)RU\TPU\book\318626 
090 |a 293587 
100 |a 20150505d1984 k y0rusy5003 ca 
101 0 |a rus 
102 |a RU 
105 |a a z 010zy 
200 1 |a Ленинцы  |f сост. А. Н. Свалов 
210 |a Москва  |c Молодая гвардия  |d 1984 
215 |a 286 с.  |c ил. 
225 1 |a Отечество. Старое. Новое. Вечное 
300 |a 60-летию присвоения комсомолу имени Ленина посвящается 
606 1 |a Ленинизм  |2 stltpush  |3 (RuTPU)RU\TPU\subj\68654  |9 83847 
610 1 |a история 
610 1 |a 20 век 
610 1 |a стихи 
610 1 |a художественная литература 
610 1 |a поэмы 
686 |a Т3(2)6-8Ленин353  |v LBC/SL-A  |2 rubbk 
702 1 |a Свалов  |b А. Н.  |g Александр Николаевич  |4 220 
801 0 |a RU  |b RuMRKP  |c 19950704  |g psbo 
801 1 |a RU  |b 63413507  |c 20150505 
801 2 |a RU  |b 63413507  |c 20170720  |g RCR 
942 |c BK